Ciudadania y calidad de la democracia Argentina (Registro nro. 389916)
[ vista simple ]
| 001 - NÚMERO DE CONTROL | |
|---|---|
| campo de control | 981651 |
| 005 - FECHA Y HORA DE LA ÚLTIMA TRANSACCIÓN | |
| campo de control | 20240425085842.0 |
| 008 - DATOS DE LONGITUD FIJA--INFORMACIÓN GENERAL | |
| campo de control de longitud fija | 060629e20000701 spa |
| 035 ## - NÚMERO DE CONTROL DEL SISTEMA | |
| Número de control de sistema | 981651 |
| 035 ## - NÚMERO DE CONTROL DEL SISTEMA | |
| Número de control de sistema | (OCoLC)820355313 |
| 040 ## - FUENTE DE LA CATALOGACIÓN | |
| Centro/agencia transcriptor | comduadb |
| 041 ## - CÓDIGO DE LENGUA | |
| Código de lengua del texto/banda sonora o título independiente | spa |
| 100 10 - ENTRADA PRINCIPAL--NOMBRE DE PERSONA | |
| Nombre de persona | Quiroga, Hugo |
| Código de función | aut |
| Término indicativo de función/relación | Autor/a |
| 9 (RLIN) | 520628 |
| 245 11 - MENCIÓN DE TÍTULO | |
| Título | Ciudadania y calidad de la democracia Argentina |
| 520 3# - SUMARIO, ETC. | |
| Sumario, etc. | Se analiza la situación actual de la democracia en Argentina. Entre los logros obtenidos y las tareas pendientes, se puede observar una crisis de confianza colectiva. Hay una marca de corrupción en la vida política que daña gravemente el funcionamiento de los partidos y las instituciones. Esta situación es propicia para que los ciudadanos sometan a evaluación a las instituciones de la democracia y, al mismo tiempo, discutan públicamente sobre la calidad y eficacia de las mismas |
| 650 ## - PUNTO DE ACCESO ADICIONAL DE MATERIA--TÉRMINO DE MATERIA | |
| Término de materia o nombre geográfico como elemento de entrada | Argentina - Política |
| 9 (RLIN) | 172289 |
| 650 #7 - PUNTO DE ACCESO ADICIONAL DE MATERIA--TÉRMINO DE MATERIA | |
| Término de materia o nombre geográfico como elemento de entrada | Democracia |
| Subdivisión geográfica | Argentina |
| Fuente del encabezamiento o término | lemb |
| 9 (RLIN) | 81485 |
| 650 ## - PUNTO DE ACCESO ADICIONAL DE MATERIA--TÉRMINO DE MATERIA | |
| Término de materia o nombre geográfico como elemento de entrada | Confianza (Política) |
| 9 (RLIN) | 133632 |
| 650 ## - PUNTO DE ACCESO ADICIONAL DE MATERIA--TÉRMINO DE MATERIA | |
| Término de materia o nombre geográfico como elemento de entrada | Corrupción - Argentina |
| 9 (RLIN) | 115402 |
| 650 ## - PUNTO DE ACCESO ADICIONAL DE MATERIA--TÉRMINO DE MATERIA | |
| Término de materia o nombre geográfico como elemento de entrada | Ciudadanía - Argentina |
| 9 (RLIN) | 85431 |
| 773 0# - ENLACE AL DOCUMENTO FUENTE/ENTRADA DE REGISTRO ANFITRIÓN | |
| Título | Revista Venezolana de Ciencia Política (Mérida) |
| Parte(s) relacionada(s) | Número 18, Julio-Diciembre 2000, p. 33-46 |
| Número de control del registro | 981160 |
| Número Internacional Normalizado para Publicaciones Seriadas | 0798-9881 |
| Número bibliográfico anfitrión | 382966 |
| 942 ## - ELEMENTOS DE ENTRADA AGREGADA (KOHA) | |
| Tipo de ítem Koha | Artículo de Revista |
No hay ítems disponibles.